000
00296cam a2200133ua 4500
082
_a
940
_b
MAY/EU
100
_a
May, Arthur J .
245
_a
Eorope since 1939
260
_a
:
_b
Holt, Rinehart and winston, inc ,
_c
1966.
300
_a
787 ; .
504
_a
942
_c
BK
999
_c
574
_d
574